header

Mineral requirements for military personnel (Record no. 80555)

MARC details
000 -LEADER
fixed length control field 01870nam a2200361Ia 4500
082 04 - DEWEY DECIMAL CLASSIFICATION NUMBER
Classification number 613.2/850243555
245 00 - TITLE STATEMENT
Title Mineral requirements for military personnel
260 ## - PUBLICATION, DISTRIBUTION, ETC. (IMPRINT)
Place of publication Washington, DC :
Name of publisher National Academies Press,
Year of publication c2006.
300 ## - PHYSICAL DESCRIPTION
Number of Pages xv, 496 p.
650 #0 - SUBJECT ADDED ENTRY--TOPICAL TERM
Topical Term Operational rations (Military supplies)
Topical Term Soldiers
Topical Term Minerals in human nutrition
Topical Term Stress (Physiology)
856 40 - ELECTRONIC LOCATION AND ACCESS
Uniform Resource Identifier http://site.ebrary.com/lib/rucke/Doc?id=10132065

No items available.

© 2026 Rongo University
Contact us: librarian | system librarian | Rongo university